000 00521cam a2200181 i 4500
005 20260219123510.0
008 250721s2005 xxc gr 000 0 eng d
020 _a971745412
082 1 4 _a616.994
_bH E N
100 1 _ahennenfent, bradley
_eauthor.
245 1 0 _aSurviving Prostate Cancer Without Surgery /
_cBradley Hennenfent M.D.
264 3 1 _a[NEWYORK] :
_bROSEVILLE BOOKS,
_c2005.
300 _a322 Pages.
650 1 7 _aCANCER.
650 1 7 _aPROSTATE.
942 _2ddc
_cBK
999 _c126281
_d126281